| 000 | 00702cam a2200241 a 4500 | ||
|---|---|---|---|
| 001 | 000018692 | ||
| 003 | OSt | ||
| 005 | 20200929165835.0 | ||
| 008 | 880418s1986 mx a 000 0 spa d | ||
| 040 |
_aDO-SdBNP _bspa _cBNPHU |
||
| 049 | _aEn proceso | ||
| 082 |
_aA861.44 _bC389a |
||
| 100 | 1 |
_aCedrón, José Antonio, _d1945- _940353 |
|
| 245 | 1 | 0 |
_aActas / _cJosé Antonio Cedrón. |
| 260 |
_aMéxico : _bTierra del Fuego, _c1986. |
||
| 300 |
_a127 p. : _bil. ; _c20 cm. |
||
| 586 | _aPremio Nacional de Poesía de México, Sinaloa, 1985 | ||
| 590 | _aInventariado, 2020/YL | ||
| 650 | 4 |
_aPoesía argentina _93859 |
|
| 650 | 4 |
_aLiteratura argentina _93860 |
|
| 942 |
_2ddc _cLF1 |
||
| 956 | _aYLOCKWARD | ||
| 999 |
_c18212 _d18212 |
||